DİASPORADA DİNİ YAŞAMAK AZERBAYCAN AHISKA TÜRKLERİ (Record no. 722109)

MARC details
000 -LEADER
sabit uzunluktaki kontrol alanı 00277nam a2200097Ia 4500
001 - KONTROL NUMARASI
kontrol alanı 722109
005 - EN SON İŞLEMİN TARİH VE ZAMANI
kontrol alanı 20250826163305.0
008 - SABİT-UZUNLUKTA VERİ ÖĞELERİ--GENEL BİLGİ
sabit uzunluktaki kontrol alanı 250824s9999 xx 000 0 und d
245 #0 - ESER / YAZAR
ESER ADI DİASPORADA DİNİ YAŞAMAK AZERBAYCAN AHISKA TÜRKLERİ
Yazar Adı HAYRİ ERTEN
260 ## - YAYIN, DAĞITIM, VB.
YAYIN EVİ PALET YAYINLARI
Holdings
Düşüm durumu Kayıp durumu Hasar Durumu Ödünç verilmez Ana kütüphane Geçerli Kütüphane Edinilen tarih Toplam ödünç verme sayısı Barkod Son görüntüleme tarihi Son ödünç verme tarihi Fiyatın geçerli olmaya başladığı tarih Koha materyal türü
        BORSA İSTANBUL ORTAOKULU BORSA İSTANBUL ORTAOKULU 24.08.2025 1 1031924 07.11.2025 06.11.2025 26.08.2025 Books